Relatos humorísticos chilenos

Tallennettuna:
Bibliografiset tiedot
Päätekijä: Clariana, Abelardo (Tekijä)
Aineistotyyppi: Kirja
Kieli:espanja
Julkaistu: Santiago Zig-Zag 1957
Sarja:Biblioteca Cultura
Aiheet:
Tagit: Lisää tagi
Ei tageja, Lisää ensimmäinen tagi!

MARC

LEADER 00000nam a2200000 a 4500
001 UCQ5532
003 CL-VaPUC
008 981002e19570000CL |||||||||||||||||spa|d
082 0 4 |a Ch867  |b CLA  |2 21 
100 0 |a Clariana, Abelardo  |e author  |9 419625 
245 1 0 |a Relatos humorísticos chilenos 
300 |a 160 p 
942 |c BK 
945 |d 19981002 00:00:00  |a crobeson 
260 |a Santiago  |b Zig-Zag  |c 1957 
650 7 |a SATIRAS CHILENAS  |2 CL-VaPUC  |9 419626 
650 0 |a Humorismo chileno  |9 318483 
650 0 |a Literatura chilena   |9 308278 
583 |a last modification  |c 19981002 00:00:00  |k Rodrigo Vera 
490 0 |a Biblioteca Cultura 
999 |c 275740  |d 275738 
952 |0 0  |1 0  |4 0  |6 CH_867_000000000000000_CLA_1957  |7 0  |8 A  |9 312554  |a BIBEDU  |b BIBEDU  |d 2019-11-20  |i 1473220  |o Ch867 CLA 1957  |p 1473220  |r 2019-11-20  |w 2019-11-20  |y BK  |k LIT